000 00379nam a2200121Ia 4500
008 190216s9999||||xx |||||||||||||| ||und||
100 _a"Samuel C Brownstein, Mitchel Weiner&Amp; 
 Sharon Weiner Green"
245 0 _aHow To Prepare For The Scholastic Aptitude Test
260 _bGalgotia Publication Pvt Ltf
_c1983
300 _a62p
650 _aAptitude Test
942 _cREF
999 _c35555
_d35555